| Registos Bibliográficos associados ao registo de autoridade |
|
Etiqueta de registo: 00254nam 2200025 450 001 2288629 003 http://id.bnportugal.gov.pt/bib/catbnp/2288629 100 ## $a20260623d2025 k y0pory01030103ba 101 0# $apor 102 ## $aPT 105 ## $aa m 000yy 106 ## $ar 200 1# $aEstudo do potencial de produção de energia fotovoltaica em instalações flutuantes
em Portugal Continental$fPaulo Joaquim Bispo Vargas$gorient. António Luís Gomes Valente, Paulo Alexandre Marques Diogo 210 #9 $aVila Real$c[s.n.],$d2025 215 ## $a147 p.$cil.$d30 cm 328 #1 $aTese doutoramento Engenharia Eletrónica e Computadores, Univdersidade de Trás-os-Montes
e Alto Douro, 2025 700 #1 $aVargas,$bPaulo Joaquim Bispo $32001434 702 #1 $aValente,$bAntónio Luís Gomes,$f1966-$4727$31305638 702 #1 $aDiogo,$bPaulo Alexandre Marques$4727$31411739 801 #0 $aPT$bBN$gRPC 966 ## $lBN$mFGMON$x1 971 ## $cjbeatriz$d20260623
|
|
|